[Event "Offene Hessische Senioren Einzelmeisters"]
[Site "Bad Sooden- Allendorf"]
[Date "2013.04.25"]
[Round "6.71"]
[White "Becker, Günter"]
[Black "Otto, Klaus"]
[Result "1-0"]
[WhiteElo "1674"]
[BlackElo "1520"]
[PlyCount "97"]
[EventDate "2013.??.??"]
[WhiteTeam "SC Steinbach"]
[BlackTeam "Thüringer SV Triebes"]

1. c4 Nf6 2. g3 c5 3. Nc3 Nc6 4. Bg2 g6 5. e4 d6 6. Nge2 Bg7 7. O-O O-O 8. d3
Bd7 9. h3 Qc8 10. Kh2 a6 11. Be3 Rb8 12. a4 Ne8 13. Qd2 Na7 14. Nd5 Qd8 15. a5
e6 16. Nb6 Bc6 17. Rab1 Nc8 18. Nxc8 Rxc8 19. b4 cxb4 20. Bb6 Qd7 21. Qxb4 Nc7
22. Nd4 Na8 23. Nxc6 bxc6 24. Be3 c5 25. Qb7 Nc7 26. Rb6 Rfd8 27. Rfb1 Bc3 28.
Rc6 Kg7 29. Rc1 Bxa5 30. e5 Rb8 31. Rxd6 Rxb7 32. Rxd7 Rxd7 33. Bxb7 Bb4 34.
Be4 a5 35. f4 Na6 36. Ra1 Rd8 37. Kg2 Nc7 38. Kf3 h5 39. g4 hxg4+ 40. hxg4 Rh8
41. Kg3 Rd8 42. f5 Bc3 43. Ra2 Bxe5+ 44. Bf4 Bxf4+ 45. Kxf4 gxf5 46. gxf5 exf5
47. Kxf5 Ne8 48. Ke5 Nf6 49. Rg2+ 1-0

[Event "Offene Hessische Senioren Einzelmeisters"]
[Site "Bad Sooden- Allendorf"]
[Date "2013.04.25"]
[Round "6.72"]
[White "Hartlaub, Marianne"]
[Black "Zoll, Theo"]
[Result "1-0"]
[WhiteElo "1388"]
[BlackElo "1582"]
[Annotator ",Microsoft"]
[PlyCount "36"]
[EventDate "2013.??.??"]
[WhiteTeam "SK 1982 Klingenberg/Main"]
[BlackTeam "ESV Rot-Weiß Göttingen"]

1. Nf3 Nf6 2. c4 c6 3. Nc3 d5 4. cxd5 cxd5 5. d4 Nc6 6. a3 a5 7. g3 Bf5 8. Bg2
e6 9. O-O Be7 10. Nh4 Bg6 11. Nxg6 hxg6 12. Bf4 O-O 13. Nb5 Ne8 14. Rc1 Qb6 15.
a4 g5 16. Be3 f6 17. Rc2 Nc7 18. Nxc7 Qxc7 {fehlende Notation} 1-0

[Event "Offene Hessische Senioren Einzelmeisters"]
[Site "Bad Sooden- Allendorf"]
[Date "2013.04.25"]
[Round "6.73"]
[White "Husser, Oskar"]
[Black "Hespers, Rolf"]
[Result "1-0"]
[WhiteElo "1664"]
[BlackElo "1516"]
[PlyCount "103"]
[EventDate "2013.??.??"]
[WhiteTeam "SC Caissa Falkensee e.V."]
[BlackTeam "TuS Osterburg Weida"]

1. Nf3 d5 2. c4 dxc4 3. Na3 Nc6 4. Nxc4 Bf5 5. d3 e6 6. g3 Be7 7. Bg2 Bf6 8.
O-O Rb8 9. Qc2 e5 10. Bd2 Nge7 11. Bc3 Ng6 12. Rad1 O-O 13. e4 Bg4 14. Ne3 Bxf3
15. Bxf3 Nd4 16. Bxd4 Qxd4 17. Nd5 Bd8 18. Qc3 c6 19. Qxd4 exd4 20. Nb4 Ne5 21.
Be2 Be7 22. Nc2 c5 23. f4 Nd7 24. Bg4 Nf6 25. Bf3 Rfd8 26. Rf2 b6 27. a4 Rbc8
28. Na3 a6 29. b3 Rb8 30. Ra2 b5 31. axb5 axb5 32. Rda1 h5 33. h3 g6 34. Kf2
Ne8 35. Nb1 Nd6 36. Nd2 c4 37. bxc4 bxc4 38. dxc4 Rb4 39. c5 Nc4 40. c6 Nb6 41.
e5 Rc8 42. Rc1 Rc7 43. Rca1 Nc8 44. Ke2 Bc5 45. Kd3 Ne7 46. Ra6 Bb6 47. Rc1 Rb5
48. Rb1 Rxb1 49. Nxb1 Ba7 50. Nd2 Kg7 51. g4 h4 52. Nb3 1-0

[Event "Offene Hessische Senioren Einzelmeisters"]
[Site "Bad Sooden- Allendorf"]
[Date "2013.04.25"]
[Round "6.74"]
[White "Daebel, Dr. Hasso"]
[Black "Kolkwitz, Klaus"]
[Result "0-1"]
[WhiteElo "1538"]
[BlackElo "1658"]
[PlyCount "104"]
[EventDate "2013.??.??"]
[WhiteTeam "Drewer (Marl) SG"]
[BlackTeam "ESV 1949 Eberswalde e.V."]

1. d4 d6 2. Nf3 g6 3. Bf4 Nf6 4. h3 Bg7 5. c3 O-O 6. Nbd2 c5 7. e4 b6 8. Be2
Bb7 9. e5 Nd5 10. Bh2 Nd7 11. a3 dxe5 12. dxe5 Nc7 13. O-O b5 14. a4 a6 15. Qc2
c4 16. Rfe1 Ne6 17. Bf1 Ndc5 18. axb5 axb5 19. Rxa8 Qxa8 20. Nd4 Nxd4 21. cxd4
Ne6 22. Qc3 Rd8 23. Nf3 Bxf3 24. gxf3 Nxd4 25. Bg2 Qa4 26. Bg3 Qb3 27. Kh2 Qxc3
28. bxc3 Ne6 29. h4 Rd3 30. Rc1 Bh6 31. Rc2 Bf4 32. Bh1 Rd2 33. Rxd2 Bxd2 34.
Kh3 Bxc3 35. f4 Bd2 36. Bc6 c3 37. Be4 Nd4 38. f3 c2 39. Bxc2 Nxc2 40. Kg2 b4
41. Kf2 Nd4 42. h5 b3 43. hxg6 b2 44. gxh7+ Kxh7 45. e6 fxe6 46. f5 b1=Q 47.
fxe6 Qe1+ 48. Kg2 Qe2+ 49. Kh3 Qxf3 50. Kh2 Bf4 51. Bxf4 Qxf4+ 52. Kg2 Ne2 0-1

[Event "Offene Hessische Senioren Einzelmeisters"]
[Site "Bad Sooden- Allendorf"]
[Date "2013.04.25"]
[Round "6.75"]
[White "Ludwig, Richard"]
[Black "Papenkordt, Karl-Hermann"]
[Result "0-1"]
[WhiteElo "1451"]
[BlackElo "1648"]
[PlyCount "120"]
[EventDate "2013.??.??"]
[WhiteTeam "SV Irxleben von 1919"]
[BlackTeam "SG Witten"]

1. e4 c5 2. c3 Nf6 3. e5 Nd5 4. d4 cxd4 5. Nf3 Nc6 6. cxd4 d6 7. exd6 Qxd6 8.
Nc3 Nxc3 9. bxc3 Bg4 10. Be3 e6 11. Be2 Be7 12. h3 Bh5 13. O-O O-O 14. Qc2 Bg6
15. Bd3 Bxd3 16. Qxd3 f6 17. Rfd1 Rac8 18. Rac1 Rfd8 19. Qb1 b6 20. Nd2 Na5 21.
Rc2 Qa3 22. Rdc1 Qa4 23. Rd1 Rd5 24. c4 Nxc4 25. Nxc4 Rxc4 26. Rxc4 Qxc4 27.
Rc1 Rb5 28. Qe4 Qxa2 29. Qc6 Rb1 30. Qe8+ Bf8 31. Rxb1 Qxb1+ 32. Kh2 Qb3 33.
Bf4 Qd5 34. Qb8 g5 35. Bg3 Qxd4 36. Qxa7 f5 37. Bc7 Bd6+ 38. Bxd6 Qxd6+ 39. g3
h5 40. Qa1 e5 41. Qa8+ Kg7 42. Qb7+ Kg6 43. Qc8 f4 44. Qe8+ Kf5 45. Qxh5 fxg3+
46. fxg3 Qd2+ 47. Kh1 Qe1+ 48. Kg2 Qe3 49. Qh7+ Ke6 50. Qg8+ Kd6 51. Qg6+ Kc5
52. Qc2+ Kd5 53. Kh2 b5 54. Qb2 Qc5 55. Qd2+ Qd4 56. Qxg5 Qf2+ 57. Kh1 b4 58.
Qd8+ Kc4 59. Qc7+ Qc5 60. Qf7+ Qd5+ 0-1

[Event "Offene Hessische Senioren Einzelmeisters"]
[Site "Bad Sooden- Allendorf"]
[Date "2013.04.25"]
[Round "6.76"]
[White "Hopp, Dr. Barbara"]
[Black "Schütze, Manfred"]
[Result "0-1"]
[WhiteElo "1464"]
[BlackElo "1629"]
[Annotator ",Microsoft"]
[PlyCount "72"]
[EventDate "2013.??.??"]
[WhiteTeam "SV Oberursel"]
[BlackTeam "VfL Gräfenhainichen"]

1. d4 Nf6 2. f3 d5 3. e4 dxe4 4. Nc3 exf3 5. Nxf3 c6 6. Ne5 Bf5 7. g4 Bg6 8.
Bg2 Nbd7 9. Nxg6 hxg6 10. Bg5 e6 11. Ne4 $11 Be7 12. Qf3 Nxe4 13. Bxe7 Qxe7 14.
Qxe4 Qh4+ 15. Kd2 Nf6 16. Qf3 Qxg4 17. Qxg4 Nxg4 18. h3 Nf6 19. Rae1 O-O-O 20.
c3 c5 21. Ke3 cxd4+ 22. cxd4 Kb8 23. Rc1 Rc8 24. Rxc8+ Rxc8 25. Kd3 Rc7 26. a3
Kc8 27. Re1 Kd7 28. Re2 Kd6 29. Bf3 b6 30. Re5 Rc1 31. Re2 Rd1+ 32. Kc4 Nd5 33.
Re4 Rd2 34. b4 b5+ 35. Kb3 Rd3+ 36. Kb2 Rxf3 0-1

[Event "Offene Hessische Senioren Einzelmeisters"]
[Site "Bad Sooden- Allendorf"]
[Date "2013.04.25"]
[Round "6.77"]
[White "Vladov, Mark"]
[Black "Minarsch, Hans"]
[Result "1-0"]
[WhiteElo "1615"]
[BlackElo "1512"]
[PlyCount "59"]
[EventDate "2013.??.??"]
[WhiteTeam "SF Ostsee Warnemünde"]
[BlackTeam "1.Hainstädter SC 1950"]

1. Nf3 Nf6 2. c4 e6 3. g3 d5 4. Bg2 Be7 5. Nc3 O-O 6. cxd5 exd5 7. d4 c6 8. O-O
Bf5 9. h3 Ne4 10. Nd2 Nxc3 11. bxc3 Qd7 12. Kh2 Na6 13. e4 dxe4 14. Nxe4 Nc7
15. c4 Rad8 16. Bb2 Qe6 17. Qc2 Qg6 18. Rad1 Rfe8 19. Rfe1 Bb4 20. Re2 Ne6 21.
Qb3 c5 22. a3 Ba5 23. Qa4 Bb6 24. d5 Ng5 25. Nf6+ gxf6 26. Rxe8+ Kg7 27. Rxd8
Bxd8 28. Qe8 Qh5 29. Qxd8 Qxd1 30. Qxf6+ 1-0

[Event "Offene Hessische Senioren Einzelmeisters"]
[Site "Bad Sooden- Allendorf"]
[Date "2013.04.25"]
[Round "6.78"]
[White "Köhler, Marianne"]
[Black "Fritsch, Wolfgang"]
[Result "1/2-1/2"]
[WhiteElo "1438"]
[BlackElo "1613"]
[PlyCount "74"]
[EventDate "2013.??.??"]
[WhiteTeam "SG 2011 Sennewit"]
[BlackTeam "SV Empor Bad Langensalza"]

1. e4 e5 2. Nf3 Nf6 3. Nc3 Nc6 4. d3 d5 5. exd5 Nxd5 6. Bd2 Be7 7. Qc1 O-O 8.
Be2 Be6 9. a3 a6 10. Nxd5 Bxd5 11. c4 Be6 12. Bc3 f6 13. O-O Qd7 14. Rd1 Nd4
15. Nxd4 exd4 16. Bd2 c5 17. Re1 Bd6 18. Bf4 Rfe8 19. Bxd6 Qxd6 20. Bf3 Rab8
21. Qd2 b5 22. b3 Re7 23. Rxe6 Rxe6 24. Bd5 Kf8 25. Bxe6 Qxe6 26. Re1 Qd7 27.
Kf1 Re8 28. Rxe8+ Qxe8 29. Qa5 Qc6 30. Qd8+ Kf7 31. Qa5 Kg6 32. Qe1 h5 33. h4
bxc4 34. bxc4 f5 35. Qe7 Qf6 36. Qxc5 Qxh4 37. Qd6+ Kh7 1/2-1/2

[Event "Offene Hessische Senioren Einzelmeisters"]
[Site "Bad Sooden- Allendorf"]
[Date "2013.04.25"]
[Round "6.79"]
[White "Ludwig, Siegfried"]
[Black "Van Houten, Henk"]
[Result "0-1"]
[WhiteElo "1348"]
[BlackElo "1609"]
[Annotator ",Microsoft"]
[PlyCount "40"]
[EventDate "2013.??.??"]
[WhiteTeam "GSV Hemmingen"]
[BlackTeam "SC Gronau 1920 e.V."]

1. e4 g6 2. Bc4 d6 3. Nf3 e6 4. Nc3 Bg7 5. d3 Nd7 6. Ng5 Ne5 7. Bb3 h6 8. Nh3
c5 9. O-O Nc6 10. a3 a6 11. Rb1 b5 12. Ne2 Nd4 13. Nxd4 cxd4 14. Bd2 Ra7 15. f4
e5 16. Qf3 Nf6 17. fxe5 dxe5 18. Nf2 Be6 19. Bxe6 fxe6 20. Ng4 Rf8 {Rest nicht
rekonstruierbar} 0-1

[Event "Offene Hessische Senioren Einzelmeisters"]
[Site "Bad Sooden- Allendorf"]
[Date "2013.04.25"]
[Round "6.80"]
[White "Strozewski, Günter"]
[Black "Stratmann, Alois"]
[Result "1-0"]
[WhiteElo "1604"]
[BlackElo "1366"]
[Annotator ",Microsoft"]
[PlyCount "36"]
[EventDate "2013.??.??"]
[WhiteTeam "SV Erkenschwick 1923 e"]
[BlackTeam "SV Ahlen 1954 e.V."]

1. e4 e6 2. Nf3 c5 3. c3 Nf6 4. e5 Nd5 5. Bb5 a6 6. Ba4 b5 7. Bc2 Bb7 8. O-O
Ne7 9. d4 cxd4 10. cxd4 Nd5 11. Nc3 Be7 12. Nxd5 Bxd5 13. Re1 Qc7 14. Be4 Bc6
15. Bd2 O-O 16. Rc1 f5 17. exf6 Rxf6 18. Bg5 Rf7 {fehlende Notation} 1-0

[Event "Offene Hessische Senioren Einzelmeisters"]
[Site "Bad Sooden- Allendorf"]
[Date "2013.04.25"]
[Round "6.81"]
[White "Janzen, Christian"]
[Black "Borkenhagen, Bernd"]
[Result "1/2-1/2"]
[WhiteElo "1597"]
[BlackElo "1340"]
[PlyCount "80"]
[EventDate "2013.??.??"]
[WhiteTeam "TSV Marienfelde 1890 e.V."]
[BlackTeam "SK Rinteln"]

1. e4 e5 2. Nf3 d6 3. d4 exd4 4. Nxd4 Be7 5. Bd3 Nf6 6. c3 O-O 7. O-O h6 8. f4
c5 9. Nf3 Qc7 10. Na3 a6 11. h3 Nc6 12. Be3 b5 13. Rc1 c4 14. Bb1 Bb7 15. Qc2
Rfd8 16. Qf2 Rd7 17. Rfd1 Kf8 18. Bb6 Qc8 19. g4 Ng8 20. Nd4 Nxd4 21. Qxd4 Qc6
22. Ba5 Bf6 23. Qd2 Bd8 24. Bxd8 Raxd8 25. Kh2 Nf6 26. Re1 Re8 27. Rcd1 Nxe4
28. Bxe4 Rxe4 29. Rxe4 Qxe4 30. Nc2 g6 31. Nd4 Qd5 32. Qf2 Re7 33. Rg1 Re4 34.
Kg3 h5 35. Kh4 f6 36. Kg3 hxg4 37. hxg4 Re7 38. Qh2 Re3+ 39. Kf2 Rf3+ 40. Nxf3
Qxf3+ 1/2-1/2

[Event "Offene Hessische Senioren Einzelmeisters"]
[Site "Bad Sooden- Allendorf"]
[Date "2013.04.25"]
[Round "6.82"]
[White "Tomas, Johann"]
[Black "Lübbers, Dr. Doris"]
[Result "1-0"]
[WhiteElo "1590"]
[BlackElo "1335"]
[PlyCount "87"]
[EventDate "2013.??.??"]
[WhiteTeam "SK Bad Sooden-Allendorf"]
[BlackTeam "Sfr. Taunus Königstein/Schwalbac"]

1. d4 d5 2. e3 Nf6 3. c4 e6 4. a3 b6 5. b4 Be7 6. Bb2 O-O 7. Nf3 Bb7 8. c5 Nbd7
9. Bd3 Ne4 10. Qc2 c6 11. Bxe4 dxe4 12. Qxe4 Nf6 13. Qd3 Qc7 14. O-O Rad8 15.
Qc2 b5 16. Nc3 Bc8 17. Ne2 Nd5 18. Ng3 f5 19. Ne2 Bf6 20. Rad1 g6 21. Rfe1 Qg7
22. Nc1 Rfe8 23. Nd3 Qc7 24. Nfe5 Bxe5 25. Nxe5 Qb7 26. Ra1 Qc7 27. Qe2 Bb7 28.
Qf3 Rf8 29. Qg3 Qe7 30. f4 Nf6 31. Qh4 Rde8 32. a4 a6 33. axb5 axb5 34. Ra7 Ra8
35. Rea1 Qc7 36. Rxa8 Bxa8 37. Rxa8 Rxa8 38. Qxf6 Re8 39. h3 Qb7 40. Bc3 Qc7
41. Be1 Qb7 42. Bh4 Qc7 43. Bg5 Qb7 44. Bh6 1-0

[Event "Offene Hessische Senioren Einzelmeisters"]
[Site "Bad Sooden- Allendorf"]
[Date "2013.04.25"]
[Round "6.83"]
[White "Rüggeberg, Wilhelm"]
[Black "Marinoni, Rainer"]
[Result "1-0"]
[WhiteElo "1641"]
[BlackElo "1146"]
[PlyCount "64"]
[EventDate "2013.??.??"]
[WhiteTeam "Sfr.Saarburg-Trier"]
[BlackTeam "SC Eschwege"]

1. d4 Nf6 2. c4 c5 3. Nf3 Nc6 4. e3 e6 5. Nc3 d5 6. cxd5 exd5 7. Be2 Be7 8. O-O
cxd4 9. Nxd4 O-O 10. a3 Nxd4 11. Qxd4 Be6 12. b4 a6 13. Bb2 Bd6 14. f4 Bb8 15.
f5 Ba7 16. Qf4 Bxe3+ 17. Qxe3 d4 18. Qg5 dxc3 19. Bxc3 Qb6+ 20. Kh1 h6 21. Qh4
Bd5 22. Bxf6 Qxf6 23. Qxf6 gxf6 24. Kg1 Rfe8 25. Rfe1 Rac8 26. Rad1 Re5 27. g4
Rc3 28. a4 Kg7 29. Rd2 Bc4 30. Kf2 b5 31. axb5 axb5 32. Bd1 Rh3 1-0

[Event "Offene Hessische Senioren Einzelmeisters"]
[Site "Bad Sooden- Allendorf"]
[Date "2013.04.25"]
[Round "6.84"]
[White "Garbe, Eckhard"]
[Black "Bendisch, Dr. Jürgen"]
[Result "0-1"]
[WhiteElo "1434"]
[BlackElo "1701"]
[Annotator ",Microsoft"]
[PlyCount "79"]
[EventDate "2013.??.??"]
[WhiteTeam "SV Blau-Weiß Grevesmühlen"]
[BlackTeam "SV Hennef 1927 e.V."]

1. d4 d5 2. Nf3 c6 3. e3 Nf6 4. c4 e6 5. cxd5 exd5 6. Nc3 Bd6 7. h3 h6 8. Bd3
Be6 9. O-O Nbd7 10. Re1 O-O 11. Qc2 Qc7 12. Bf5 Rfe8 13. Bxe6 Rxe6 14. Bd2 Rae8
15. Re2 Ne4 16. Rae1 Nxc3 17. Bxc3 Nf6 18. Nd2 Qe7 19. a3 Ne4 20. Nxe4 Rxe4 21.
Bd2 Qf6 22. Bc1 Bc7 23. b4 Qd6 24. g3 Qg6 25. Kg2 h5 26. f4 f5 27. Kh2 R8e7 28.
Qb3 h4 29. Rg2 hxg3+ 30. Rxg3 Qh7 31. Reg1 Qh5 32. Qc2 Bb6 33. Qg2 Qh7 34. Rg6
R4e6 35. Rxe6 Rxe6 36. Qg5 Kf7 37. Rg3 Re4 38. Rf3 Bd8 39. Qg2 Qh5 40. Rg3 {
Rest nicht rekonstruierbar} 0-1

[Event "Offene Hessische Senioren Einzelmeisters"]
[Site "Bad Sooden- Allendorf"]
[Date "2013.04.25"]
[Round "6.85"]
[White "Wauer, Klaus"]
[Black "Hesse, Klaus Dieter"]
[Result "0-1"]
[WhiteElo "1399"]
[BlackElo "1668"]
[PlyCount "87"]
[EventDate "2013.??.??"]
[WhiteTeam "SC 51 Nordhausen"]
[BlackTeam "SK Stadtallendorf"]

1. e4 e5 2. Nf3 Nf6 3. d3 Nc6 4. Nc3 d5 5. exd5 Nxd5 6. Nxd5 Qxd5 7. Qe2 Bd6 8.
c4 Bb4+ 9. Bd2 Bxd2+ 10. Qxd2 Qd8 11. Be2 O-O 12. O-O Bf5 13. Qc3 Qe7 14. Rfe1
Rad8 15. Rad1 Rfe8 16. h3 Rd7 17. a3 Red8 18. Rd2 g5 19. Bf1 Re8 20. g4 Bg6 21.
b4 Qf6 22. Re3 Qf4 23. b5 Nd4 24. Nxd4 Rxd4 25. Bg2 Qf6 26. Bxb7 Red8 27. Rf3
Rf4 28. Kg2 Rdd4 29. Rxf4 Qxf4 30. Bf3 h5 31. a4 hxg4 32. hxg4 f5 33. gxf5 Bxf5
34. Bd5+ Kg7 35. Kf1 g4 36. Ke2 g3 37. Bf3 Bg4 38. Bxg4 Qxg4+ 39. Kf1 Qh3+ 40.
Ke2 g2 41. Rd1 Qg4+ 42. f3 g1=N+ 43. Rxg1 Qxg1 44. Qe1 0-1

[Event "Offene Hessische Senioren Einzelmeisters"]
[Site "Bad Sooden- Allendorf"]
[Date "2013.04.25"]
[Round "6.86"]
[White "Schumacher, Ursula"]
[Black "Kynast, Reinhard"]
[Result "1-0"]
[WhiteElo "1383"]
[BlackElo "1574"]
[PlyCount "83"]
[EventDate "2013.??.??"]
[WhiteTeam "HTC Bad Neuenahr"]
[BlackTeam "Herforder SV Königsspr"]

1. c4 e5 2. Nc3 f5 3. d3 c6 4. Nf3 d6 5. e3 Nf6 6. g3 Be7 7. Bg2 O-O 8. O-O Bd7
9. b3 Be8 10. Rb1 Nbd7 11. b4 h6 12. a3 Qc7 13. Nd2 Bh5 14. f3 d5 15. Qb3 Bf7
16. Qb2 Rab8 17. c5 Rfe8 18. e4 Bg6 19. Qb3 Bf7 20. Qc2 f4 21. Nb3 b6 22. Nd1
fxg3 23. hxg3 bxc5 24. bxc5 Nxc5 25. Nxc5 Bxc5+ 26. Kh1 Rxb1 27. Qxb1 Rb8 28.
Qc2 Qd6 29. a4 Bb4 30. Bd2 a5 31. Nc3 d4 32. Ne2 c5 33. Bh3 Be6 34. g4 Qd7 35.
Rg1 Kh7 36. Ng3 Bxd2 37. Qxd2 Qxa4 38. g5 Bxh3 39. gxf6 gxf6 40. Nh5 Rb7 41.
Nxf6+ Kh8 42. Qxh6+ 1-0

[Event "Offene Hessische Senioren Einzelmeisters"]
[Site "Bad Sooden- Allendorf"]
[Date "2013.04.25"]
[Round "6.87"]
[White "Kluge, Hans C"]
[Black "Paulin, Dieter"]
[Result "1-0"]
[WhiteElo "1371"]
[BlackElo "1566"]
[PlyCount "55"]
[EventDate "2013.??.??"]
[WhiteTeam "Bahn-SC Wuppertal"]
[BlackTeam "SK Dingelstädt 1921"]

1. d4 e6 2. Nf3 d5 3. e3 Bd6 4. Bd3 Ne7 5. Nbd2 Nbc6 6. e4 Bb4 7. c3 Ba5 8. O-O
dxe4 9. Nxe4 Nf5 10. a4 a6 11. Re1 Nce7 12. Ne5 Nd6 13. Qh5 Rf8 14. Qxh7 Nxe4
15. Bxe4 c5 16. dxc5 Bc7 17. Bf4 Bxe5 18. Bxe5 f5 19. Rad1 Bd7 20. Bxb7 Ra7 21.
c6 Nxc6 22. Bxc6 Rf7 23. Qh8+ Rf8 24. Qxg7 Rf7 25. Qg6 Qc8 26. Bxd7+ Raxd7 27.
Rxd7 Qxd7 28. Bd4 1-0

[Event "Offene Hessische Senioren Einzelmeisters"]
[Site "Bad Sooden- Allendorf"]
[Date "2013.04.25"]
[Round "6.89"]
[White "Narr, Irmgard"]
[Black "Maczollek, Helmut"]
[Result "1-0"]
[WhiteElo "1529"]
[BlackElo "1353"]
[PlyCount "93"]
[EventDate "2013.??.??"]
[WhiteTeam "SC Mühlhof-Reichelsdorf e.V."]
[BlackTeam "SK Turm Lage 1926"]

1. e4 d6 2. Nf3 Bg4 3. d4 Nf6 4. Nc3 c6 5. Bg5 Nbd7 6. Be2 e5 7. dxe5 dxe5 8.
Bxf6 Qxf6 9. Qd3 Bxf3 10. Bxf3 Nc5 11. Qe3 Be7 12. a3 O-O 13. b4 Ne6 14. O-O a5
15. b5 Bc5 16. Qe1 Bd4 17. Rb1 Bxc3 18. Qxc3 c5 19. Qe3 b6 20. a4 Rfd8 21. c3
Ra7 22. Rbd1 Rad7 23. Rxd7 Rxd7 24. Rd1 Qd8 25. Rd5 f6 26. g3 Nc7 27. Rxd7 Qxd7
28. Qe2 Qd6 29. Qc4+ Kh8 30. Bg4 g6 31. h4 Kg7 32. h5 f5 33. exf5 Qd5 34. Qe2
e4 35. fxg6 hxg6 36. hxg6 Kxg6 37. Qc2 Qd3 38. Qc1 Nd5 39. c4 Nc3 40. Qf4 Qxc4
41. Qf5+ Kg7 42. Qe5+ Kh6 43. Qf6+ Kh7 44. Bf5+ Kg8 45. Be6+ Qxe6 46. Qxe6+ Kh7
47. Qc4 1-0

[Event "Offene Hessische Senioren Einzelmeisters"]
[Site "Bad Sooden- Allendorf"]
[Date "2013.04.25"]
[Round "6.91"]
[White "Völler, Lothar"]
[Black "Kage, August"]
[Result "1-0"]
[WhiteElo "1524"]
[BlackElo "1346"]
[PlyCount "119"]
[EventDate "2013.??.??"]
[WhiteTeam "Dortmund"]
[BlackTeam "ESV Rot-Weiß Göttingen"]

1. e4 c5 2. d4 cxd4 3. c3 dxc3 4. Nxc3 e6 5. Bc4 a6 6. Nf3 Qc7 7. Bb3 d6 8. O-O
Nf6 9. Be3 b6 10. Na4 Nbd7 11. Rc1 Qd8 12. Re1 Bb7 13. Nc3 Be7 14. Bf4 e5 15.
Bg3 O-O 16. Qe2 Nc5 17. Bc2 Ne6 18. Rcd1 Qc7 19. Nh4 g6 20. f3 Ng7 21. Bb3 b5
22. Rc1 Qb6+ 23. Bf2 Qd8 24. g3 Rc8 25. Ng2 Bc6 26. Rcd1 Qc7 27. Rc1 Qb7 28.
Ne3 Rcd8 29. Ned5 Nxd5 30. Nxd5 Bxd5 31. Bxd5 Qd7 32. Rc6 Ne6 33. Rec1 Nc5 34.
b4 Bg5 35. Rc2 Rc8 36. Rxc8 Rxc8 37. bxc5 Kg7 38. c6 Qh3 39. Qf1 Qh5 40. g4 Qh6
41. Bg3 Be3+ 42. Kg2 Bc5 43. Bxe5+ f6 44. Bg3 Qe3 45. Bf2 Qa3 46. Bxc5 dxc5 47.
Qe2 c4 48. e5 Qe7 49. exf6+ Qxf6 50. Qe4 Rc7 51. Re2 c3 52. Qe5 Qxe5 53. Rxe5
a5 54. Kf2 Kf6 55. Re2 b4 56. f4 h6 57. h4 Re7 58. Rxe7 Kxe7 59. Bb3 Kd6 60.
Ba4 1-0

[Event "Offene Hessische Senioren Einzelmeisters"]
[Site "Bad Sooden- Allendorf"]
[Date "2013.04.25"]
[Round "6.92"]
[White "Hielscher, Klaus"]
[Black "Fister, Horst-Lothar"]
[Result "1/2-1/2"]
[WhiteElo "1519"]
[BlackElo "1301"]
[Annotator ",Microsoft"]
[PlyCount "59"]
[EventDate "2013.??.??"]
[WhiteTeam "Braunschweiger SF"]
[BlackTeam "SK Werther 1949 e.V."]

1. c4 Nf6 2. g3 d6 3. Bg2 g6 4. Nc3 Bg7 5. e3 O-O 6. Nge2 c6 7. d4 Nbd7 8. O-O
Qc7 9. d5 a6 10. Rb1 Ne5 11. b3 Rb8 12. h3 Bf5 13. Nd4 Bxb1 14. Nxb1 c5 15. Ne2
b5 16. f4 Ned7 17. Nd2 e6 18. dxe6 fxe6 19. e4 Rbd8 20. Kh2 Nb6 21. Qc2 Qc8 22.
Bb2 bxc4 23. bxc4 Ne8 24. Bxg7 Nxg7 25. g4 Qc7 26. Rh1 Nc8 27. f5 exf5 28. exf5
Qe7 29. Bd5+ Kh8 30. Ng3 {Rest nicht rekonstruierbar} 1/2-1/2

[Event "Offene Hessische Senioren Einzelmeisters"]
[Site "Bad Sooden- Allendorf"]
[Date "2013.04.25"]
[Round "6.93"]
[White "Semisch, Helga"]
[Black "Burkardt, Robert"]
[Result "0-1"]
[WhiteElo "1256"]
[BlackElo "1507"]
[Annotator ",Microsoft"]
[PlyCount "37"]
[EventDate "2013.??.??"]
[WhiteTeam "SV Schmalkalden 04"]
[BlackTeam "SV 1926 Fechenheim"]

1. d4 d5 2. e3 Nf6 3. Bd3 a6 4. h3 e6 5. Nf3 c6 6. c3 c5 7. b3 b5 8. Nbd2 c4 9.
bxc4 bxc4 10. Bb1 Be7 11. O-O Nbd7 12. Kh1 Bd6 13. Nh2 O-O 14. Ng4 Nxg4 15.
Qxg4 f5 16. Qh5 Rf6 17. Bc2 Nf8 18. Qe2 Bc7 19. Rb1 {Rest nicht rekonstruierbar
} 0-1

[Event "Offene Hessische Senioren Einzelmeisters"]
[Site "Bad Sooden- Allendorf"]
[Date "2013.04.25"]
[Round "6.94"]
[White "Rollwitz, Inge"]
[Black "Bill, Eugen"]
[Result "0-1"]
[WhiteElo "1231"]
[BlackElo "1496"]
[PlyCount "96"]
[EventDate "2013.??.??"]
[WhiteTeam "SG Wedding e.V."]
[BlackTeam "SV Lahn Limburg"]

1. d4 Nf6 2. g3 g6 3. Bg2 d5 4. c4 e6 5. Nc3 c6 6. cxd5 exd5 7. Bg5 Nbd7 8. Nf3
Bg7 9. O-O O-O 10. e4 dxe4 11. Nxe4 Qb6 12. Nxf6+ Nxf6 13. Rb1 Bf5 14. Rc1 Qxb2
15. a4 Rfd8 16. Re1 h6 17. Be3 Ng4 18. h3 Nxe3 19. fxe3 Be4 20. Re2 Qb6 21. Rd2
Qc7 22. Kh2 Rd5 23. Rb2 Bf8 24. Rb3 Bd6 25. Qe1 Bxf3 26. Bxf3 Rg5 27. Bg4 h5
28. h4 Rxg4 29. e4 Rxh4+ 30. Kg2 Rg4 31. Rcc3 Re8 32. Re3 h4 33. Kh3 Rxg3+ 34.
Rxg3 Bxg3 35. Qe2 Qd7+ 36. Kg2 Qxd4 37. Re3 Bf4 38. Rf3 Qxe4 39. Qd3 Qxd3 40.
Rxd3 b6 41. Rd4 g5 42. Kh3 c5 43. Rd5 c4 44. Rd4 c3 45. Rc4 Re2 46. Rxc3 f5 47.
Rc8+ Kf7 48. Ra8 Rh2# 0-1

[Event "Offene Hessische Senioren Einzelmeisters"]
[Site "Bad Sooden- Allendorf"]
[Date "2013.04.25"]
[Round "6.95"]
[White "Schneider, Hans"]
[Black "Grüneschild, Hildegard"]
[Result "1/2-1/2"]
[WhiteElo "1491"]
[BlackElo "1274"]
[Annotator ",Microsoft"]
[PlyCount "64"]
[EventDate "2013.??.??"]
[WhiteTeam "SV Schwarz-Weiß Oberha"]
[BlackTeam "Schach-Union München e.V."]

1. Nf3 Nf6 2. g3 g6 3. Bg2 Bg7 4. d3 d6 5. O-O O-O 6. Nbd2 Nc6 7. e4 Bd7 8. Re1
e5 9. Nf1 Re8 10. c3 Qc8 11. h4 h6 12. N1h2 Ng4 13. Nxg4 Bxg4 14. Be3 Kh7 15.
Qd2 Qd7 16. Nh2 Be6 17. b3 Bh3 18. Bf3 Be6 19. Rad1 Ne7 20. c4 c5 21. Qe2 f5
22. exf5 Nxf5 23. Be4 Ne7 24. h5 Bf5 25. hxg6+ Bxg6 26. Bxg6+ Nxg6 27. Ng4 Rad8
28. Qf3 Rf8 29. Qe4 Qf7 30. Kg2 d5 31. cxd5 Qxd5 32. Bxh6 Bxh6 {Rest nicht
rekonstruierbar} 1/2-1/2

[Event "Offene Hessische Senioren Einzelmeisters"]
[Site "Bad Sooden- Allendorf"]
[Date "2013.04.25"]
[Round "6.96"]
[White "Graffenberger, Marianne"]
[Black "Fuhlrott, Heinz"]
[Result "1-0"]
[WhiteElo "1229"]
[BlackElo "1489"]
[PlyCount "67"]
[EventDate "2013.??.??"]
[WhiteTeam "Hamburger SK von 1830 eV"]
[BlackTeam "MTV Fichte Winsen"]

1. e4 e5 2. Nf3 Nc6 3. d4 exd4 4. Nxd4 Bc5 5. Be3 Bb4+ 6. c3 Bf8 7. Nxc6 bxc6
8. Be2 Bb7 9. O-O a6 10. Nd2 d5 11. exd5 cxd5 12. Nf3 h6 13. Qb3 Bc6 14. Nd4
Ne7 15. Nxc6 Nxc6 16. Rad1 Ne7 17. Bf3 c6 18. Qc2 Qc7 19. Qc1 g5 20. g3 Qd7 21.
Bd4 Rg8 22. Rfe1 g4 23. Bg2 O-O-O 24. Bf1 Qb7 25. Bd3 Rd6 26. Bh7 Rg5 27. Be5
Re6 28. Bf4 Rh5 29. Rxe6 fxe6 30. Re1 Qd7 31. Bd3 Kb7 32. Qc2 c5 33. Qb3+ Ka7
34. Qb8# 1-0